[Event "Condom Open A 2013"]
[Site "Condom"]
[Date "????.??.??"]
[Round "4.10"]
[White "Alcaraz Ortega, Javier"]
[Black "Maupin, Valerie"]
[Result "1-0"]
[WhiteElo "2345"]
[BlackElo "2070"]
[PlyCount "47"]

1. d4 d5 2. Bf4 Nf6 3. e3 e6 4. Nf3 Nbd7 5. Nbd2 c6 6. Bd3 b6 7. c3 Bb7 8. Ne5
Be7 9. Qf3 c5 10. h4 Nxe5 11. dxe5 Nd7 12. Qg3 g6 13. Nf3 c4 14. Bc2 Nc5 15. h5
Rg8 16. hxg6 hxg6 17. Ng5 Bxg5 18. Bxg5 Qc7 19. Rh7 Bc6 20. Qf4 Ne4 21. Bxe4
dxe4 22. O-O-O Bd5 23. f3 Qb7 24. Qf6 1-0

[Event "Condom Open A 2013"]
[Site "Condom"]
[Date "????.??.??"]
[Round "5.1"]
[White "Cornette, Matthieu"]
[Black "Leenhouts, Koen"]
[Result "1-0"]
[WhiteElo "2578"]
[BlackElo "2392"]
[PlyCount "45"]

1. e4 e5 2. Nf3 Nc6 3. d4 exd4 4. Nxd4 Bb4+ 5. c3 Bc5 6. Be3 Bb6 7. Nf5 g6 8.
Bxb6 axb6 9. Ne3 Nf6 10. f3 O-O 11. Be2 d6 12. O-O Re8 13. c4 Nh5 14. Qd2 f5
15. Nc3 f4 16. Ned5 Rf8 17. Nb5 Rf7 18. Rfd1 Be6 19. Qc3 Ne5 20. Ndxc7 Rxc7 21.
Rxd6 Qg5 22. Nxc7 Ng3 23. Nxe6 1-0

[Event "Condom Open A 2013"]
[Site "Condom"]
[Date "????.??.??"]
[Round "5.2"]
[White "Miron, Lucian-Costin"]
[Black "Jianu, Vlad-Cristian"]
[Result "1/2-1/2"]
[WhiteElo "2544"]
[BlackElo "2560"]
[PlyCount "48"]

1. d4 Nf6 2. c4 e6 3. Nc3 Bb4 4. Qc2 O-O 5. a3 Bxc3+ 6. Qxc3 b6 7. Bg5 Bb7 8.
f3 h6 9. Bh4 d5 10. e3 Nbd7 11. cxd5 Nxd5 12. Bxd8 Nxc3 13. Bh4 Nd5 14. Bf2 f5
15. Bb5 c6 16. Ba4 e5 17. Ne2 Rae8 18. Kd2 Rf6 19. Rhc1 Rd6 20. b4 g6 21. Ra2
exd4 22. Nxd4 Ne5 23. h3 f4 24. e4 Nc7 1/2-1/2

[Event "Condom Open A 2013"]
[Site "Condom"]
[Date "????.??.??"]
[Round "5.3"]
[White "Santos Latasa, Jaime"]
[Black "Guichard, Pauline"]
[Result "1-0"]
[WhiteElo "2418"]
[BlackElo "2342"]
[PlyCount "99"]

1. c4 e5 2. g3 Nf6 3. Bg2 Nc6 4. Nc3 Bb4 5. Nd5 O-O 6. e3 Re8 7. Ne2 a5 8. O-O
Bf8 9. d3 Nxd5 10. cxd5 Nb4 11. a3 Na6 12. d4 d6 13. Bd2 exd4 14. Nxd4 Nc5 15.
Qc2 a4 16. Bc3 Be7 17. Bb4 Bd7 18. h3 Na6 19. Bc3 Bf6 20. Rad1 Nc5 21. e4 Qe7
22. Rfe1 Qf8 23. f4 b6 24. g4 h6 25. Nf3 Bxc3 26. bxc3 Re7 27. e5 Rae8 28. Re3
b5 29. Rde1 c6 30. Nd4 cxd5 31. Bxd5 dxe5 32. fxe5 Kh8 33. Qf2 Be6 34. Bxe6
Nxe6 35. Nxb5 Rb8 36. Nd6 Kg8 37. c4 Rb3 38. Rxb3 axb3 39. Qb6 Ng5 40. Qxb3 Qa8
41. Kf2 Ra7 42. Re3 Kh7 43. h4 Ne6 44. Rf3 Kg8 45. Qe3 Qb8 46. Kg3 g5 47. hxg5
hxg5 48. Rf5 Qa8 49. Rf3 Nf4 50. Ne4 1-0

[Event "Condom Open A 2013"]
[Site "Condom"]
[Date "????.??.??"]
[Round "5.4"]
[White "Thejkumar, M. S."]
[Black "Alcaraz Ortega, Javier"]
[Result "1/2-1/2"]
[WhiteElo "2403"]
[BlackElo "2345"]
[PlyCount "84"]

1. d4 d5 2. Nf3 c6 3. c4 Nf6 4. e3 g6 5. Nc3 Bg7 6. Be2 O-O 7. O-O e6 8. Qc2
Nbd7 9. b3 b6 10. a4 Bb7 11. a5 c5 12. a6 Bc6 13. Rd1 Qc7 14. Bb2 Rfd8 15. cxd5
exd5 16. Nb5 Qb8 17. dxc5 bxc5 18. Nbd4 Rc8 19. Nxc6 Rxc6 20. b4 Qxb4 21. Bxf6
Bxf6 22. Rab1 Qa5 23. Rxd5 Nb6 24. Ne5 Bxe5 25. Rxe5 Rac8 26. h4 Qa3 27. Bf3
Rd6 28. Bb7 Rc7 29. Re8+ Kg7 30. h5 c4 31. Qe4 Qc5 32. Re5 Qa3 33. Qf4 h6 34.
hxg6 fxg6 35. Ra5 Qxa5 36. Qxd6 Rd7 37. Qe6 c3 38. Be4 Qg5 39. Rc1 Re7 40. Qc6
Qf6 41. Kf1 Re6 42. Qb7+ Re7 1/2-1/2

[Event "Condom Open A 2013"]
[Site "Condom"]
[Date "????.??.??"]
[Round "5.5"]
[White "Mullon, Jean-Baptiste"]
[Black "Iglesias, Joachim"]
[Result "1-0"]
[WhiteElo "2398"]
[BlackElo "2248"]
[PlyCount "37"]

1. e4 c5 2. Nf3 g6 3. d4 cxd4 4. Qxd4 Nf6 5. Nc3 Nc6 6. Qa4 d6 7. e5 dxe5 8.
Nxe5 Bg7 9. Bb5 O-O 10. Nxc6 bxc6 11. Bxc6 Bd7 12. Bxd7 Nxd7 13. O-O Nb6 14.
Qh4 Bxc3 15. bxc3 Re8 16. Bh6 Qc7 17. Rae1 Rad8 18. Re3 Rd5 19. Qf6 1-0

[Event "Condom Open A 2013"]
[Site "Condom"]
[Date "????.??.??"]
[Round "5.7"]
[White "Iwanesko, Alexandre"]
[Black "Mladenov, Plamen"]
[Result "1-0"]
[WhiteElo "2230"]
[BlackElo "2405"]
[PlyCount "59"]

1. e4 e5 2. Nf3 Nc6 3. d4 exd4 4. Nxd4 Bc5 5. Nxc6 Qf6 6. Qf3 Qxf3 7. gxf3 dxc6
8. Be3 Bd6 9. Nd2 Be6 10. Bc4 Ne7 11. O-O-O Bh3 12. f4 Ng6 13. e5 Bb4 14. c3
Ba5 15. Rhg1 Bb6 16. Nf3 O-O 17. Rg5 Ne7 18. Rdg1 g6 19. Nh4 Be6 20. Bd3 Nd5
21. f5 Nxe3 22. fxe6 Nd5 23. Bxg6 fxg6 24. Nxg6 h6 25. Ne7+ Kh8 26. Rh5 Nf6 27.
Ng6+ Kh7 28. Nxf8+ Rxf8 29. exf6 Rxf6 30. Re5 1-0

[Event "Condom Open A 2013"]
[Site "Condom"]
[Date "????.??.??"]
[Round "5.8"]
[White "Lacroix, Romain"]
[Black "Velten, Paul"]
[Result "0-1"]
[WhiteElo "2176"]
[BlackElo "2422"]
[PlyCount "102"]

1. d4 d5 2. c4 dxc4 3. Nf3 Nf6 4. e3 Bg4 5. Bxc4 e6 6. h3 Bh5 7. Nc3 Nc6 8. Be2
a6 9. O-O Bd6 10. Ne5 Bxe2 11. Nxc6 Bxd1 12. Nxd8 Rxd8 13. Rxd1 e5 14. dxe5
Bxe5 15. Rxd8+ Kxd8 16. Kf1 Bxc3 17. bxc3 c5 18. f3 Nd5 19. Ba3 Nxe3+ 20. Kf2
Nc4 21. Bxc5 Re8 22. Rd1+ Kc7 23. g4 Kc6 24. Bd4 g6 25. h4 b5 26. Rh1 Nb2 27.
h5 Nd3+ 28. Kg3 a5 29. hxg6 hxg6 30. Rh7 Re7 31. Rh8 Nc1 32. Ra8 a4 33. a3 Kd5
34. Bb6 Rb7 35. Ba5 Kc4 36. f4 Kb3 37. Bb4 Ne2+ 38. Kf3 Nxc3 39. Rd8 Na2 40.
Bf8 b4 41. axb4 Nxb4 42. Ke4 a3 43. f5 a2 44. Ra8 gxf5+ 45. Kxf5 Rb5+ 46. Kf4
f6 47. Bg7 Nd5+ 48. Ke4 Nc3+ 49. Kf4 Rb4+ 50. Kf5 Ra4 51. Rb8+ Kc2 0-1

[Event "Condom Open A 2013"]
[Site "Condom"]
[Date "????.??.??"]
[Round "5.9"]
[White "Petre, Nad-Titus"]
[Black "Sanchez, Nicolas"]
[Result "1/2-1/2"]
[WhiteElo "2371"]
[BlackElo "2164"]
[PlyCount "52"]

1. Nf3 Nf6 2. g3 g6 3. d4 Bg7 4. c4 O-O 5. Bg2 d6 6. Nc3 Nbd7 7. O-O e5 8. h3
Re8 9. e4 a6 10. d5 Nc5 11. Ne1 a5 12. Be3 Nfd7 13. Qd2 Nb6 14. b3 f5 15. Bxc5
dxc5 16. Nd3 Qe7 17. Qe3 Nd7 18. Rae1 f4 19. gxf4 exf4 20. Nxf4 Bd4 21. Qc1 Ne5
22. Nb5 g5 23. d6 cxd6 24. Nd5 Qg7 25. Nxd4 cxd4 26. f4 Nd3 1/2-1/2

[Event "Condom Open A 2013"]
[Site "Condom"]
[Date "????.??.??"]
[Round "5.10"]
[White "Verduyn, Frederic"]
[Black "Kukov, Velislav"]
[Result "1/2-1/2"]
[WhiteElo "2150"]
[BlackElo "2370"]
[PlyCount "61"]

1. c4 Nc6 2. Nc3 e5 3. g3 Bc5 4. Bg2 d6 5. d3 a6 6. Nf3 h6 7. O-O Be6 8. a3 Nf6
9. b4 Ba7 10. Bb2 Qd7 11. Rc1 O-O 12. e3 Rae8 13. Qc2 Nh7 14. Ne2 Bh3 15. Bxh3
Qxh3 16. c5 Ng5 17. Ne1 Qh5 18. f3 f5 19. h4 Ne6 20. d4 exd4 21. exd4 f4 22. g4
Qxh4 23. d5 dxc5 24. dxe6 cxb4+ 25. Kg2 bxa3 26. Bxa3 Ne5 27. Bxf8 Nxg4 28.
fxg4 Qxg4+ 29. Kh2 Qh4+ 30. Kg2 Qg4+ 31. Kh2 1/2-1/2

[Event "Condom Open A 2013"]
[Site "Condom"]
[Date "????.??.??"]
[Round "6.2"]
[White "Jianu, Vlad-Cristian"]
[Black "Iwanesko, Alexandre"]
[Result "1-0"]
[WhiteElo "2560"]
[BlackElo "2230"]
[PlyCount "107"]

1. d4 Nf6 2. c4 g6 3. Nf3 Bg7 4. g3 O-O 5. Bg2 c5 6. O-O cxd4 7. Nxd4 Nc6 8.
Nc3 Nxd4 9. Qxd4 d6 10. Qd3 Bf5 11. e4 Be6 12. b3 Rc8 13. Bd2 Nd7 14. Rac1 Ne5
15. Qe2 f5 16. h3 Nc6 17. Rfe1 Qd7 18. Kh2 fxe4 19. Nxe4 Nd4 20. Qd3 Bf5 21.
Be3 e5 22. g4 Bxe4 23. Qxe4 b6 24. Rcd1 Kh8 25. Kh1 Rf7 26. f4 Rcf8 27. Rd2 Qd8
28. Rf1 Re7 29. Qd5 Ne2 30. Rxe2 exf4 31. Bxb6 axb6 32. Rd2 Be5 33. Rd3 Ra7 34.
b4 Rc7 35. a4 Qh4 36. a5 bxa5 37. b5 Rc5 38. Qe4 Qd8 39. Rb3 Qb6 40. Qd3 Rb8
41. Bd5 Rc7 42. Qe4 Rf8 43. Rd3 Rc5 44. Bc6 Qb8 45. Ra3 Qb6 46. Rff3 Qd8 47.
Ra2 Kg7 48. Bd5 Re8 49. Qe1 Bb2 50. Qd2 Be5 51. Rxa5 Qh4 52. Ra7+ Kh8 53. b6
Qd8 54. b7 1-0

[Event "Condom Open A 2013"]
[Site "Condom"]
[Date "????.??.??"]
[Round "6.3"]
[White "Mullon, Jean-Baptiste"]
[Black "Miron, Lucian-Costin"]
[Result "1-0"]
[WhiteElo "2398"]
[BlackElo "2544"]
[PlyCount "55"]

1. e4 e5 2. Nf3 Nc6 3. d4 exd4 4. Nxd4 Nf6 5. Nxc6 bxc6 6. e5 Nd5 7. Bd3 d6 8.
exd6 Bxd6 9. O-O O-O 10. Re1 Rb8 11. Nd2 Nf4 12. Bf1 Qh4 13. g3 Nh3+ 14. Kg2
Qf6 15. Ne4 Qg6 16. Nxd6 cxd6 17. Bd3 Qf6 18. Qf3 Qd8 19. Qe4 f5 20. Qe7 Qa5
21. Qxd6 Rb4 22. Bd2 Qb6 23. Be3 c5 24. Bxc5 Bb7+ 25. Kxh3 Qxd6 26. Bxd6 Rb6
27. Bc4+ Kh8 28. Rad1 1-0

[Event "Condom Open A 2013"]
[Site "Condom"]
[Date "????.??.??"]
[Round "6.5"]
[White "Bizovi, Mihai"]
[Black "Thejkumar, M. S."]
[Result "1-0"]
[WhiteElo "2137"]
[BlackElo "2403"]
[PlyCount "66"]

1. d4 Nf6 2. c4 c5 3. d5 b5 4. cxb5 a6 5. bxa6 g6 6. Nc3 Bxa6 7. Nf3 d6 8. e4
Bxf1 9. Kxf1 Nbd7 10. g3 Bg7 11. Kg2 O-O 12. Qe2 Qa5 13. Bd2 Rfb8 14. b3 Ne8
15. Rhc1 Qa6 16. Qxa6 Rxa6 17. Rab1 Bxc3 18. Bxc3 Rxa2 19. b4 f6 20. Nd2 cxb4
21. Rxb4 Rc8 22. Nb3 Kf7 23. Bd4 Rxc1 24. Nxc1 Rc2 25. Nb3 f5 26. Rb7 Ne5 27.
Na5 Ra2 28. Nc6 Nxc6 29. dxc6 fxe4 30. Bb6 Ra8 31. c7 Rc8 32. Rb8 Rxc7 33. Bxc7
Nxc7 1-0

[Event "Condom Open A 2013"]
[Site "Condom"]
[Date "????.??.??"]
[Round "6.6"]
[White "Leenhouts, Koen"]
[Black "Guichard, Pauline"]
[Result "0-1"]
[WhiteElo "2392"]
[BlackElo "2342"]
[PlyCount "60"]

1. d4 d5 2. c4 e6 3. Nc3 Nf6 4. cxd5 exd5 5. Bg5 Bb4 6. e3 Bf5 7. Qb3 Bxc3+ 8.
bxc3 Nbd7 9. f3 O-O 10. g4 Bg6 11. h4 h6 12. Bf4 c5 13. Bh3 cxd4 14. cxd4 Qa5+
15. Kf2 Rac8 16. Ne2 Rc2 17. Rhc1 Rfc8 18. Qxb7 Nb6 19. Bf1 Bd3 20. Rxc2 Rxc2
21. Qb8+ Kh7 22. Re1 Nbd7 23. Qd6 Nxg4+ 24. fxg4 Nf6 25. Bg2 Qxa2 26. Bf3 Bxe2
27. Rxe2 Rxe2+ 28. Kg3 Rh2 29. Bxh6 Qf2+ 30. Kf4 Rh3 0-1

[Event "Condom Open A 2013"]
[Site "Condom"]
[Date "????.??.??"]
[Round "6.7"]
[White "Favarel, Julien"]
[Black "Daulyte, Deimante"]
[Result "1/2-1/2"]
[WhiteElo "2321"]
[BlackElo "2363"]
[PlyCount "44"]

1. c4 Nf6 2. g3 e5 3. Bg2 c6 4. d4 exd4 5. Qxd4 d5 6. Nf3 Bb4+ 7. Nc3 O-O 8.
cxd5 Nxd5 9. Bd2 Be7 10. Nxd5 cxd5 11. Bc3 Bf6 12. Qd2 Nc6 13. Nd4 Re8 14. Nxc6
bxc6 15. O-O Bxc3 16. Qxc3 Rxe2 17. Qxc6 Be6 18. Rad1 Rxb2 19. Bxd5 Bxd5 20.
Rxd5 Qc8 21. Qxc8+ Rxc8 22. Ra5 Rc7 1/2-1/2

[Event "Condom Open A 2013"]
[Site "Condom"]
[Date "????.??.??"]
[Round "6.8"]
[White "Le Bail, Clara"]
[Black "Petre, Nad-Titus"]
[Result "0-1"]
[WhiteElo "1951"]
[BlackElo "2371"]
[PlyCount "60"]

1. e4 c6 2. d4 d6 3. Nf3 Bg4 4. Bd3 Nd7 5. O-O e6 6. Nbd2 Be7 7. c3 d5 8. Re1
Bh5 9. Qc2 dxe4 10. Bxe4 Ngf6 11. Bd3 O-O 12. Ne5 c5 13. Ndf3 cxd4 14. Nxd7
Qxd7 15. Nxd4 Bg6 16. Bxg6 hxg6 17. Be3 Nd5 18. Rad1 Nxe3 19. Rxe3 Rad8 20.
Red3 Qc8 21. g3 e5 22. Nb3 Qc4 23. Rd7 Qg4 24. Qd3 e4 25. Qd5 b6 26. a4 e3 27.
fxe3 Bg5 28. e4 Rxd7 29. Qxd7 Qe2 30. Nc1 Be3+ 0-1

[Event "Condom Open A 2013"]
[Site "Condom"]
[Date "????.??.??"]
[Round "6.10"]
[White "Chetrari, Nikita"]
[Black "Piceu, Tom"]
[Result "0-1"]
[WhiteElo "1864"]
[BlackElo "2318"]
[PlyCount "54"]

1. e4 c5 2. Nf3 d6 3. d4 cxd4 4. Nxd4 Nf6 5. Nc3 a6 6. Be3 e5 7. Nb3 Be6 8. h3
Be7 9. Qf3 Nbd7 10. g4 h6 11. O-O-O b5 12. Qg2 b4 13. Nd5 Bxd5 14. exd5 a5 15.
h4 h5 16. f3 a4 17. Na1 Qa5 18. Bc4 Rc8 19. Qe2 hxg4 20. fxg4 Ne4 21. Rdg1 a3
22. Qd3 Rxc4 23. Qxc4 axb2+ 24. Kb1 Nc3+ 25. Qxc3 bxc3 26. Nb3 Qxd5 27. Rd1 Qf3
0-1

[Event "Condom Open A 2013"]
[Site "Condom"]
[Date "????.??.??"]
[Round "7.2"]
[White "Alcaraz Ortega, Javier"]
[Black "Santos Latasa, Jaime"]
[Result "1/2-1/2"]
[WhiteElo "2345"]
[BlackElo "2418"]
[PlyCount "109"]

1. d4 Nf6 2. c4 e6 3. Nc3 d5 4. cxd5 exd5 5. Bg5 c6 6. e3 Be7 7. Bd3 Nbd7 8.
Nf3 O-O 9. O-O Re8 10. Qc2 Nf8 11. Rac1 g6 12. h3 Ne6 13. Bh6 Ng7 14. Ne5 Nf5
15. Bg5 Nd6 16. b4 a6 17. Na4 Nd7 18. Bxe7 Qxe7 19. Nxd7 Bxd7 20. Nb6 Rad8 21.
a4 Bf5 22. Bxf5 Nxf5 23. b5 axb5 24. axb5 cxb5 25. Qc7 Qg5 26. Rc5 Nh4 27. Qg3
Qxg3 28. fxg3 Nf5 29. Nxd5 Nxe3 30. Nf6+ Kf8 31. Nxe8 Nxf1 32. Kxf1 Rxe8 33.
Rxb5 Re7 34. g4 h6 35. Kf2 Ke8 36. d5 Re5 37. Kf3 Kf8 38. Kf4 f6 39. g3 g5+ 40.
Kf3 Kg8 41. h4 b6 42. Rxb6 Rxd5 43. Rxf6 gxh4 44. gxh4 Kg7 45. Re6 Ra5 46. Kf4
Ra4+ 47. Re4 Ra7 48. Re6 Ra4+ 49. Kf5 Ra5+ 50. Re5 Ra7 51. h5 Rb7 52. Rd5 Rf7+
53. Ke4 Re7+ 54. Re5 Ra7 55. Kf5 1/2-1/2

[Event "Condom Open A 2013"]
[Site "Condom"]
[Date "????.??.??"]
[Round "7.3"]
[White "Guichard, Pauline"]
[Black "Mullon, Jean-Baptiste"]
[Result "1/2-1/2"]
[WhiteElo "2342"]
[BlackElo "2398"]
[PlyCount "81"]

1. d4 Nf6 2. Nf3 g6 3. Bg5 Bg7 4. e3 O-O 5. Be2 c5 6. c3 b6 7. Nbd2 d6 8. O-O
Bb7 9. a4 a6 10. b4 Qc7 11. Qb3 Nbd7 12. Rfd1 cxd4 13. cxd4 Rac8 14. b5 a5 15.
Bc4 Bxf3 16. gxf3 Qb7 17. Bxf6 Nxf6 18. Ne4 Qd7 19. Nxf6+ Bxf6 20. Rac1 Qh3 21.
Be2 e5 22. Qd5 Rxc1 23. Rxc1 exd4 24. Qxd6 Qh4 25. Qg3 Qh5 26. Qg4 Qd5 27. Rc6
Qd8 28. Qf4 Bg7 29. exd4 Qxd4 30. Qxd4 Bxd4 31. Bc4 g5 32. Kg2 Kg7 33. f4 gxf4
34. Kf3 Bc5 35. Rc7 Kg6 36. h4 h6 37. Rd7 Kf6 38. Kxf4 Bxf2 39. Rd6+ Kg7 40. h5
Bc5 41. Rc6 1/2-1/2

[Event "Condom Open A 2013"]
[Site "Condom"]
[Date "????.??.??"]
[Round "7.4"]
[White "Miron, Lucian-Costin"]
[Black "Bizovi, Mihai"]
[Result "1-0"]
[WhiteElo "2544"]
[BlackElo "2137"]
[PlyCount "51"]

1. d4 Nf6 2. g3 g6 3. Bg2 Bg7 4. e4 d6 5. Ne2 O-O 6. O-O e5 7. h3 Re8 8. Re1
Nc6 9. d5 Ne7 10. c4 c5 11. Nbc3 Bd7 12. f4 exf4 13. Bxf4 Nc8 14. g4 h6 15. Nc1
Nh7 16. Nd3 g5 17. Bg3 Bd4+ 18. Kh2 Qf6 19. Ne2 b5 20. Nxd4 Qxd4 21. Bf2 Qf6
22. e5 dxe5 23. Bg3 bxc4 24. Nxe5 Qd8 25. Qc2 Nd6 26. Nxf7 1-0

[Event "Condom Open A 2013"]
[Site "Condom"]
[Date "2013.07.18"]
[Round "7.5"]
[White "Petre, Nad-Titus"]
[Black "Piceu, Tom"]
[Result "1/2-1/2"]
[WhiteElo "2371"]
[BlackElo "2318"]
[PlyCount "109"]
[EventDate "2013.??.??"]

1. d4 Nf6 2. c3 d5 3. Bf4 e6 4. e3 Bd6 5. Bxd6 Qxd6 6. Nd2 Nbd7 7. Ngf3 O-O 8.
Bd3 e5 9. dxe5 Nxe5 10. Nxe5 Qxe5 11. Nf3 Qd6 12. h3 Re8 13. Qc2 Be6 14. Rd1
Rad8 15. O-O h6 16. Rd2 c5 17. Rfd1 Qc7 18. Bf5 b6 19. Nh4 Rd7 20. Bd3 Red8 21.
Bb5 Rd6 22. Nf5 Bxf5 23. Qxf5 Qe7 24. Bd3 Qe6 25. Qf4 Nh5 26. Qa4 a5 27. Be2
Nf6 28. Bf3 Nh7 29. h4 f5 30. Qf4 Nf6 31. c4 d4 32. exd4 Qxc4 33. b3 Qb4 34.
Qxf5 cxd4 35. Be2 Kh8 36. Bd3 Rd5 37. Qg6 Re5 38. Rc2 Qd6 39. g3 Rde8 40. Rcc1
Qd5 41. Bf1 Qd7 42. Qd3 Rd8 43. Rc4 Rd5 44. Rc2 Ng4 45. Rcd2 Qf7 46. Qe4 Nf6
47. Qf4 Qd7 48. Bc4 Rd6 49. a4 Qg4 50. Qxg4 Nxg4 51. Re1 Nf6 52. Kf1 Nd7 53.
Re7 Nc5 54. Rc7 d3 55. Re7 1/2-1/2

[Event "Condom Open A 2013"]
[Site "Condom"]
[Date "????.??.??"]
[Round "7.6"]
[White "Daulyte, Deimante"]
[Black "Sanchez, Nicolas"]
[Result "1-0"]
[WhiteElo "2363"]
[BlackElo "2164"]
[PlyCount "65"]

1. e4 c5 2. Nc3 d6 3. f4 a6 4. a4 Nc6 5. Nf3 g6 6. Bc4 Bg7 7. O-O Nf6 8. d3 O-O
9. Qe1 Nd4 10. Nxd4 cxd4 11. Nd1 d5 12. Bb3 dxe4 13. dxe4 Nd7 14. Nf2 Nc5 15.
Bc4 Bd7 16. a5 Rc8 17. b3 d3 18. c3 Be6 19. Bxe6 Nxe6 20. Bd2 Qc7 21. e5 Rfd8
22. b4 Qc4 23. Qe3 Bh6 24. g3 Nc7 25. Qf3 Qb5 26. Rac1 Ne6 27. Ng4 Bg7 28. f5
h5 29. fxe6 hxg4 30. exf7+ Kf8 31. Qxg4 Rc6 32. Rce1 Bxe5 33. Rxe5 1-0

[Event "Condom Open A 2013"]
[Site "Condom"]
[Date "????.??.??"]
[Round "7.7"]
[White "Iwanesko, Alexandre"]
[Black "Favarel, Julien"]
[Result "0-1"]
[WhiteElo "2230"]
[BlackElo "2321"]
[PlyCount "60"]

1. e4 c5 2. Nf3 Nc6 3. d4 cxd4 4. Nxd4 g6 5. Nc3 Bg7 6. Nde2 Nf6 7. g3 b5 8.
Bg2 Rb8 9. O-O O-O 10. h3 d6 11. Nd5 Nd7 12. c3 Bb7 13. Re1 e6 14. Ne3 Nc5 15.
Nf1 b4 16. Bf4 Ne5 17. Bxe5 Bxe5 18. Nd4 bxc3 19. bxc3 Qa5 20. Nb3 Qxc3 21. Rc1
Qb4 22. Nxc5 dxc5 23. Ne3 Rfd8 24. Qc2 Bd4 25. Ng4 h5 26. Ne3 Ba6 27. e5 Qb2
28. Qa4 Bxe3 29. fxe3 Rd2 30. Be4 Bb7 0-1

[Event "Condom Open A 2013"]
[Site "Condom"]
[Date "????.??.??"]
[Round "7.8"]
[White "Roques, Olivier"]
[Black "Leenhouts, Koen"]
[Result "0-1"]
[WhiteElo "2026"]
[BlackElo "2392"]
[PlyCount "62"]

1. c4 Nf6 2. g3 g6 3. Bg2 Bg7 4. e4 O-O 5. Ne2 c5 6. O-O Nc6 7. Nbc3 Ne8 8. f4
Nc7 9. d3 d6 10. h3 a6 11. Be3 Ne6 12. Rb1 Ned4 13. Bf2 Rb8 14. b4 Nxe2+ 15.
Nxe2 Nxb4 16. d4 b6 17. a3 Nc6 18. dxc5 dxc5 19. Qxd8 Rxd8 20. e5 Na5 21. Bxc5
Nxc4 22. Bxe7 Re8 23. Bb4 a5 24. Bc6 axb4 25. Bxe8 Nd2 26. Rxb4 Nxf1 27. Kxf1
Bxh3+ 28. Kf2 Rxe8 29. Rxb6 Bf8 30. Ra6 Bc5+ 31. Ke1 Rb8 0-1

[Event "Condom Open A 2013"]
[Site "Condom"]
[Date "????.??.??"]
[Round "7.9"]
[White "Verduyn, Frederic"]
[Black "Velten, Paul"]
[Result "1/2-1/2"]
[WhiteElo "2150"]
[BlackElo "2422"]
[PlyCount "64"]

1. d4 d5 2. c4 dxc4 3. Nf3 Nf6 4. e3 Bg4 5. Bxc4 e6 6. O-O Nc6 7. h3 Bh5 8. Nc3
Bd6 9. Bb5 O-O 10. Bxc6 bxc6 11. e4 Be7 12. Be3 Rb8 13. g4 Bg6 14. Ne5 Rxb2 15.
Nxc6 Qe8 16. Nxe7+ Qxe7 17. Bg5 Qa3 18. Qe1 Rc2 19. Rc1 Qxc3 20. Qxc3 Rxc3 21.
Rxc3 Nxe4 22. Re3 Rb8 23. Be7 Nd2 24. Rc1 h6 25. Ba3 Be4 26. f3 Bd5 27. Kf2 c6
28. Rc2 Nc4 29. Rec3 Nb6 30. Bc5 Nc8 31. Ba3 Nb6 32. Bc5 Nc8 1/2-1/2

[Event "Condom Open A 2013"]
[Site "Condom"]
[Date "????.??.??"]
[Round "7.10"]
[White "Maupin, Valerie"]
[Black "Mladenov, Plamen"]
[Result "0-1"]
[WhiteElo "2070"]
[BlackElo "2405"]
[PlyCount "88"]

1. e4 c5 2. Nf3 a6 3. c4 d6 4. d4 cxd4 5. Nxd4 Nf6 6. Nc3 e6 7. Be3 Be7 8. Be2
Qc7 9. O-O Nbd7 10. f4 b6 11. Rc1 Bb7 12. Bf3 Nc5 13. Qc2 g6 14. b4 Ncd7 15.
Qf2 Rc8 16. Nb3 O-O 17. Nd2 Qb8 18. Rfd1 Qa8 19. Bxb6 d5 20. exd5 Bxb4 21. Bd4
exd5 22. Qh4 Bc5 23. Bxc5 Rxc5 24. Nxd5 Nxd5 25. cxd5 Bxd5 26. f5 Rxc1 27. Rxc1
Ne5 28. f6 Qa7+ 29. Kh1 Qe3 30. Re1 Qxd2 31. Bxd5 Ng4 32. Rf1 h5 33. Bf3 Rc8
34. Bxg4 hxg4 35. Qxg4 Rc1 36. Qf3 Rxf1+ 37. Qxf1 Qxa2 38. h3 Qe6 39. Qf4 a5
40. g4 Qd5+ 41. Kh2 g5 42. Qc7 Kh7 43. h4 gxh4 44. Kh3 Qh1+ 0-1

[Event "Condom Open A 2013"]
[Site "Condom"]
[Date "2013.07.13"]
[Round "8.1"]
[White "Mullon, Jean-Baptiste"]
[Black "Santos Latasa, Jaime"]
[Result "1/2-1/2"]
[WhiteElo "2398"]
[BlackElo "2418"]
[PlyCount "93"]
[EventDate "2013.??.??"]

1. e4 e6 2. d4 d5 3. Nd2 Nc6 4. Ngf3 Nf6 5. e5 Nd7 6. Nb3 a5 7. a4 Be7 8. Bb5
Na7 9. Bd3 b6 10. O-O Bb7 11. Qe2 O-O 12. Bf4 c5 13. dxc5 Nxc5 14. Nxc5 bxc5
15. c4 d4 16. Nd2 Nc6 17. Ra3 g6 18. Be4 Re8 19. Rh3 f5 20. exf6 Bxf6 21. Qg4
Qe7 22. Re1 Rad8 23. Bxg6 hxg6 24. Qxg6+ Qg7 25. Qh5 Qf7 26. Ne4 Qxh5 27. Nxf6+
Kf7 28. Nxh5 Rh8 29. Bd2 e5 30. Rf3+ Kg6 31. Ng3 Nb4 32. Ne4 Nc2 33. Rg3+ Kf7
34. Ng5+ Kf6 35. Rc1 d3 36. Bxa5 Rdg8 37. Nf3 Rxg3 38. hxg3 Ra8 39. Bc3 Nd4 40.
Bxd4 exd4 41. b3 Bxf3 42. gxf3 Rb8 43. Rb1 d2 44. Kf1 Rxb3 45. Rd1 Rxf3 46.
Rxd2 Ra3 47. Ke2 1/2-1/2

[Event "Condom Open A 2013"]
[Site "Condom"]
[Date "2013.07.13"]
[Round "8.3"]
[White "Jianu, Vlad-Cristian"]
[Black "Favarel, Julien"]
[Result "1/2-1/2"]
[WhiteElo "2560"]
[BlackElo "2321"]
[PlyCount "45"]
[EventDate "2013.??.??"]

1. d4 d5 2. c4 e6 3. Nf3 Nf6 4. g3 dxc4 5. Bg2 Bb4+ 6. Bd2 a5 7. O-O O-O 8. Qc2
Bxd2 9. Nbxd2 b5 10. a4 c6 11. b3 cxb3 12. Nxb3 b4 13. Ne5 Nd5 14. Nxc6 Nxc6
15. Qxc6 Ra6 16. Qc4 Nc3 17. Rfe1 Qd6 18. e3 Rd8 19. h4 Ra7 20. Nc5 Ba6 21. Qb3
Rc7 22. f4 h6 23. Kh2 1/2-1/2

[Event "Condom Open A 2013"]
[Site "Condom"]
[Date "2013.07.13"]
[Round "8.5"]
[White "Mladenov, Plamen"]
[Black "Guichard, Pauline"]
[Result "0-1"]
[WhiteElo "2405"]
[BlackElo "2342"]
[PlyCount "104"]
[EventDate "2013.??.??"]

1. d4 d5 2. Nc3 Nf6 3. Bg5 Nbd7 4. e4 Nxe4 5. Nxe4 dxe4 6. Qe2 c6 7. Qxe4 h6 8.
Bh4 g5 9. Bg3 Nf6 10. Qe5 Bg7 11. O-O-O Nh5 12. Qe4 Nxg3 13. hxg3 Qa5 14. Bc4
Bf5 15. Qe3 e6 16. Nf3 O-O-O 17. Ne5 Rhf8 18. c3 Kb8 19. g4 Bh7 20. Nf3 Bg6 21.
Ne5 Bxe5 22. Qxe5+ Qxe5 23. dxe5 Rxd1+ 24. Kxd1 Rh8 25. Ke2 Kc7 26. Ke3 Kd7 27.
g3 Rh7 28. Be2 Ke7 29. b4 Rh8 30. a4 a6 31. a5 Bc2 32. f4 gxf4+ 33. gxf4 Bg6
34. Rh4 Kd7 35. Bf3 Kc7 36. Be4 Bxe4 37. Kxe4 Kd7 38. f5 exf5+ 39. gxf5 h5 40.
Kf4 Ke7 41. Rh3 h4 42. c4 f6 43. e6 Rh5 44. Kg4 Rh8 45. Kf4 Rh5 46. Ke4 Ke8 47.
Kd4 Ke7 48. Ke4 Ke8 49. Kd3 Kd8 50. Ke3 Rxf5 51. Rxh4 Re5+ 52. Re4 Ke7 0-1

[Event "Condom Open A 2013"]
[Site "Condom"]
[Date "2013.07.13"]
[Round "8.6"]
[White "Kukov, Velislav"]
[Black "Thejkumar, M. S."]
[Result "1-0"]
[WhiteElo "2370"]
[BlackElo "2403"]
[PlyCount "109"]
[EventDate "2013.??.??"]

1. Nf3 Nf6 2. c4 e6 3. g3 d5 4. Bg2 Be7 5. O-O O-O 6. d4 dxc4 7. Qa4 a6 8. Qxc4
b5 9. Qc2 Bb7 10. Bf4 Nc6 11. Rd1 Nb4 12. Qc1 Rc8 13. Nc3 Nbd5 14. Nxd5 Bxd5
15. Be3 b4 16. Ne1 Bxg2 17. Kxg2 Qd5+ 18. f3 e5 19. dxe5 Qxe5 20. Nd3 Qb5 21.
Bc5 Rfe8 22. e4 Rcd8 23. Bxe7 Rxe7 24. Qc5 Red7 25. Qxb5 axb5 26. Nf2 Ra8 27.
Rac1 Rxd1 28. Nxd1 Ra7 29. Nf2 Nd7 30. Nd3 f6 31. f4 c5 32. Nxc5 Nxc5 33. Rxc5
Rxa2 34. Rc2 Kf7 35. Kf3 Ke6 36. Ke3 b3 37. Rd2 h5 38. f5+ Ke7 39. Kf4 Kf7 40.
h3 g6 41. h4 gxf5 42. Kxf5 b4 43. Kf4 Ke6 44. Re2 Ra1 45. Re3 Rc1 46. Rxb3 Rc4
47. Rd3 f5 48. Re3 Kf6 49. Kf3 Ke5 50. exf5+ Kxf5 51. Rd3 Rc2 52. Rb3 Rc4 53.
Ke3 Ke5 54. Kd3 Rg4 55. Ke2 1-0

[Event "Condom Open A 2013"]
[Site "Condom"]
[Date "2013.07.13"]
[Round "8.7"]
[White "Piceu, Tom"]
[Black "Leenhouts, Koen"]
[Result "1-0"]
[WhiteElo "2318"]
[BlackElo "2392"]
[PlyCount "87"]
[EventDate "2013.??.??"]

1. c4 Nf6 2. Nc3 g6 3. g3 c6 4. Bg2 d5 5. cxd5 cxd5 6. d4 Bg7 7. Nf3 O-O 8. O-O
Nc6 9. Ne5 e6 10. Bg5 h6 11. Bf4 Nh5 12. Nxc6 bxc6 13. Be3 c5 14. dxc5 Rb8 15.
Qc2 d4 16. Rfd1 e5 17. Bc1 Be6 18. e3 Qa5 19. Nd5 Qd8 20. exd4 exd4 21. c6 Rc8
22. Qc5 Re8 23. Bd2 Bxd5 24. Bxd5 Re5 25. Bxf7+ Kxf7 26. Qxa7+ Qe7 27. Qa6 Qe6
28. Rac1 Nf6 29. Qa7+ Kg8 30. Qxd4 Nd5 31. Qc4 Rh5 32. g4 Rh4 33. f3 Qe5 34. f4
Rxg4+ 35. Kh1 Qh5 36. Ba5 Rg5 37. fxg5 Qf3+ 38. Kg1 Qe3+ 39. Kg2 Rf8 40. Qxd5+
Kh7 41. Rf1 Qe2+ 42. Kg1 Qe3+ 43. Kh1 Rf5 44. Bd2 1-0